| 000 | 00690nam a22001937a 4500 | ||
|---|---|---|---|
| 005 | 20130617153210.0 | ||
| 010 | _aENG-107414 | ||
| 020 |
_a9789380831084 _c280.00 |
||
| 035 | _aEN-90947 | ||
| 037 | _bDBAD/PUB | ||
| 082 | _a658.1599 | ||
| 100 | _aJawahar Babu, K.V.S.N. | ||
| 245 |
_aInternational financial management : _cby K.V.S.N. Jawahar Babu [and] T.P. Surya Chandra Rao _btext and cases / |
||
| 260 |
_aHyderabad _bStudentshelpline Publishing House _c2011 |
||
| 270 |
_a326/C Surneni Nilayam, Near B K Guda Park, S.R. Nagar _bHyderabad _e500038 |
||
| 300 |
_avarious pagings _c24cm(pbk) |
||
| 700 | _aSurya Chandra Rao,T.P. | ||
| 942 |
_2ddc _cEN _mJAW _h658.1599 |
||
| 999 |
_c76214 _d76214 |
||